02998cam a2200493 a 4500001000800000005001700008008004100025010001700066020001500083020001800098035001200116040000900128050002400137082001500161111010100176245031700277260004400594300003200638440007200670500003500742504004100777650004700818650004600865650003100911655004600942700003100988700003001019700007901049710001601128906004501144942001501189999001501204952011501219952011501334952011501449952010401564952011901668952011901787952011901906952011902025952012002144952012002264952012002384208718920260505164417.0950425s1995 dcua b 100 0 eng  a 95017519  a0821333208 a9780821333204 a2087189 cIRDP00aHC79.E5bI5333 199400a363.762202 aInternational Conference on Environmentally Sustainable Developmentn(2nd :d1994 :cWorld Bank)14aThe human face of the urban environment :bproceedings of the second annual World Bank Conference on Environmentally Sustainable Development held at the National Academy of Sciences and the World Bank, Washington, D.C. September 19-21, 1994 /cIsmail Serageldin, Michael A. Cohen, K.C. Sivaramakrishnan, editors. aWashington, D.C. :bWorld Bank,cc1995. ax, 348 p. :bill. ;c28 cm. 0aEnvironmentally sustainable development proceedings series ;vno. 6 a"Sponsored by The World Bank." aIncludes bibliographical references. 0aSustainable urban developmentvCongresses. 0aPollutionxGovernment policyvCongresses. 0aHuman ecologyvCongresses. 7aConference papers and proceedings.2lcgft1 aSerageldin, Ismail,d1944-1 aCohen, Michael A.,d1944-1 aSivaramakrishnan, K. C.q(Kallidaikurichi Chidambarakrishnan),d1935-2015.2 aWorld Bank. a7bcbccorignewd1eocipf19gy-gencatlg 2ddccBOOKS c9608d9608 00102ddc4070a1000b1000cGround Floor d2026-05-05l0o307.76pLIB003283r2026-05-05t2w2026-05-05yBOOKS 00102ddc4070a1000b1000cGround Floor d2026-05-05l0o307.76pLIB003278r2026-05-05t3w2026-05-05yBOOKS 00102ddc4070a1000b1000cGround Floor d2026-05-05l0o307.76pLIB003285r2026-05-05t4w2026-05-05yBOOKS 00102ddc4070a1000b1000d2026-05-05l0o307.76 RURpLIB003286r2026-05-05t5w2026-05-05yBOOKS 00102ddc4070a1000b1000cGround Floor d2026-05-05l0o307.76 RURpLIB003287r2026-05-05t6w2026-05-05yBOOKS 00102ddc4070a1000b1000cGround Floor d2026-05-05l0o307.76 RURpLIB003279r2026-05-05t7w2026-05-05yBOOKS 00102ddc4070a1000b1000cGround Floor d2026-05-05l0o307.76 RURpLIB003280r2026-05-05t8w2026-05-05yBOOKS 00102ddc4070a1000b1000cGround Floor d2026-05-05l0o307.76 RURpLIB003281r2026-05-05t9w2026-05-05yBOOKS 00102ddc4070a1000b1000cGround Floor d2026-05-05l0o307.76 RURpLIB003288r2026-05-05t10w2026-05-05yBOOKS 00102ddc4070a1000b1000cGround Floor d2026-05-05l0o307.76 RURpLIB003282r2026-05-05t11w2026-05-05yBOOKS 00102ddc4070a1000b1000cGround Floor d2026-05-05l0o307.76 RURpLIB003284r2026-05-05t12w2026-05-05yBOOKS